000 00650nam a2200241 i 4500
001 C2-0287166
003 PPAK
005 20180728020516.0
008 080206s1971 ii |||| ||||| | eng d
020 _a8123723881
040 _aPPAK
_beng
_cPPAK
_erda
082 0 4 _a338.09595
_223
090 0 0 _a338.09595
_bKUL
_dR
100 1 _aKulkarni, M.R.,
_eauthor
245 1 0 _aIndustrial development
264 1 _aNew Delhi :
_bNational Book Trust ,
_c1971
300 _a452 pages ;
_c21 cm
336 _2rdacontent
_atext
337 _2rdamedia
_aunmediated
338 _2rdacarrier
_avolume
650 1 0 _aMalaysia - Economic policy
942 _ddc
_cB
999 _c92870
_d92870